000 00344nam a22001457a 4500
020 _a81-8423-418-X
082 _a894.812.3
_bKIP/J
100 _aKIPLING, RUDYARD, BALACHANDRAN K. P, - Tr.
245 _aTHE JUNGLE BOOK
250 _a1
260 _aTHRISSUR
_bGREEN BOOKS
_c2015
300 _a144
650 _aSHORT STORY
_zKERALA
942 _cBK
999 _c1560
_d1560